| 000 | 00527nam a22002057a 4500 | ||
|---|---|---|---|
| 003 | EC-GqESP | ||
| 005 | 20250530105627.0 | ||
| 008 | 250530b |||||||| |||| 00| 0 eng d | ||
| 020 | _a88-86256-01-9 | ||
| 041 | _aSPA | ||
| 082 | _a740 | ||
| 110 | _aVinciana Editora | ||
| 245 | _aLas bases del dibujo 2 | ||
| 250 | _aS/E | ||
| 260 |
_aItalia _bVinciana Editora _cS/F |
||
| 300 |
_a34 p. _bDibujo _c35x25 cm |
||
| 500 | _aLas bases del dibujo 2 (Colección Leonardo ) | ||
| 650 | _aLas bases del dibujo | ||
| 942 | _c01 | ||
| 999 |
_c237985 _d237985 |
||